Skip to content
VuFind
All Fields
Title
Author
Subject
Call Number
ISBN/ISSN
Tag
Find
Advanced
The secret room
Cite this
Print
Export Record
Export to RefWorks
Export to EndNoteWeb
Export to EndNote
Export to MARC
The secret room
Bibliographic Details
Format:
Book
Holdings
Description
Similar Items
Staff View
MARC
LEADER
00000cam a2200000 7i4500
001
0000009172
002
000009989
005
20000330.0
020
|a
9679483371
090
0
0
|a
JF
|b
SAR
245
1
4
|a
The secret room
999
|a
028627
|b
BUKU
|c
PINJAMAN
|e
PERPUSTAKAAN KOMUNITI PETALING JAYA
Similar Items
The secret room
by: Block, Sandra
Published: (2017)
The mystery of the secret room
by: Blyton, Enid
Published: (2004)
The mystery of the secret room
by: Blyton, Enid
Published: (2012)
The mystery of secret room
by: Blyton, Enid
Published: (2014)
Room
by: Donoghue, Emma
Published: (2010)